| 000 | 00000nam##2200000za#4500 |
| 001 | 9.601585 |
| 003 | CaOODSP |
| 005 | 20210624210137 |
| 007 | cr ||||||||||| |
| 008 | 150406|2005||||xxc|||||o f|0| 0 fre|d |
| 040 | |aCaOODSP|bfre |
| 043 | |an-cn--- |
| 086 | 1 |aYC34-0/381-6F-PDF |
| 110 | 1 |aCanada. |bParlement. |bSénat. |bComité sénatorial permanent des langues officielles. |
| 245 | 10|aL'éducation en milieu minoritaire francophone : |h[ressource électronique]|bun continuum de la petite enfance au postsecondaire / |cL'honorable Eymard G. Corbin, président ; l'honorable John M. Buchanan, C.P., c.r., vice-président. |
| 246 | 3 |aRapport intérimaire du Comité sénatorial permanent des langues officielles |
| 260 | |aOttawa - Ontario : |bSénat. |cJuin 2005. |
| 300 | |a101p.|bréférences, tableaux |
| 490 | 1 |aRapport du Comité sénatorial permanent des langues officielles|v38e législature, 1re session, [6e rapport] |
| 590 | |a11-12-Supp|b2011-07-29 |
| 775 | 08|tFrench-language education in a minority setting : |w(CaOODSP)9.570943 |
| 830 | #0|aRapport du Comité sénatorial permanent des langues officielles ;|v38e législature, 1re session, [6e rapport]|w(CaOODSP)9.501658 |
| 856 | 40|ahttp://publications.gc.ca|qPDF|s423 Ko|uhttps://publications.gc.ca/collections/collection_2011/sen/yc34-0/YC34-0-381-6-fra.pdf|y38e législature, 1re session, [6e rapport] |